Music Quiz

Random Music or Singers Quiz
Score 0/20 Timer 04:00
7 Plays Today
Band Lead Singer % Correct
No DoubtGwen Stefani
89.1%
Fleetwood MacStevie Nicks
75.4%
EurythmicsAnnie Lennox
74.2%
HoleCourtney Love
67.4%
BlondieDebbie Harry
63.9%
The Mamas & the PapasCass Elliot
62.9%
The Go-GosBelinda Carlisle
50.3%
HeartAnn Wilson
46.5%
Jefferson AirplaneGrace Slick
43.7%
The PretendersChrissie Hynde
37.3%
Band Lead Singer % Correct
GarbageShirley Manson
33.9%
10,000 ManiacsNatalie Merchant
32.4%
EvanescenceAmy Lee
32.2%
The BanglesSusanna Hoffs
24.4%
The SugarcubesBjörk
22.8%
ChicksNatalie Maines
22.5%
RufusChaka Khan
18.4%
Stone PoneysLinda Ronstadt
13%
4 Non BlondesLinda Perry
11.7%
PortisheadBeth Gibbons
4.9%
Remove Ads.
Support Sporcle.
Get the best of Sporcle when you Go Orange. This ad-free experience offers more features, more stats, and more fun while also helping to support Sporcle. Thank you for becoming a member.

You're not logged in!

Compare scores with friends on all Sporcle quizzes.
OR
Log In

Show Comments

Extras

Top Quizzes Today


Score Distribution

Your Account Isn't Verified!

In order to create a playlist on Sporcle, you need to verify the email address you used during registration. Go to your Sporcle Settings to finish the process.

Report this User

Report this user for behavior that violates our Community Guidelines.

Details: